| 000 | 06670namaa22004451i 4500 | ||
|---|---|---|---|
| 003 | EG-GICUC | ||
| 005 | 20260427124822.0 | ||
| 008 | 260413s2025 ua a|||frm||| 000 0 eng d | ||
| 040 |
_aEG-GICUC _beng _cEG-GICUC _dEG-GICUC _erda |
||
| 041 | 0 |
_aeng _beng _bara |
|
| 049 | _aDeposit | ||
| 082 | 0 | 4 | _a616.99436 |
| 092 |
_a616.99436 _221 |
||
| 097 | _aPh.D | ||
| 099 | _aCai01.19.03.Ph.D.2025.Ta.G | ||
| 100 | 0 |
_aTarek Mesbah Fahmy Mohammed, _epreparation. |
|
| 245 | 1 | 0 |
_aGrowth differentiation factor-15 & monocyte chemoattractant protein-1 as possible serum biomarkers for hepatocellular carcinoma / _cby Tarek Mesbah Fahmy Mohammed ; Supervision Dr. Hadir Ahmed El-mahlawy, Dr. Sherif Ismael Ma'moun, Dr. Dalia Yehia Kadry. |
| 246 | 1 | 5 | _aعامل النمو الاختلافى-15وجاذب الوحيدات الكيميائي البروتيني-1 كمؤشرات بيولوجية محتملة بالدم لسرطان الخلايا الكبدية |
| 264 | 0 | _c2025. | |
| 300 |
_a152 pages : _billustrations ; _c25 cm. + _eCD. |
||
| 336 |
_atext _2rda content |
||
| 337 |
_aUnmediated _2rdamedia |
||
| 338 |
_avolume _2rdacarrier |
||
| 502 | _aThesis (Ph.D)-Cairo University, 2025. | ||
| 504 | _aBibliography: pages 126-152. | ||
| 520 | 3 | _aBackground: Hepatocellular carcinoma (HCC) is the most common primary malignancy of the liver and remains a major cause of cancer-related mortality worldwide. Early diagnosis is essential for improving survival, yet current biomarkers such as alpha-fetoprotein (AFP) have limited sensitivity and specificity. Growth Differentiation Factor-15 (GDF-15) and Monocyte Chemoattractant Protein-1 (MCP-1/CCL2) have been implicated in inflammation, fibrosis, and tumor progression, suggesting potential roles as novel diagnostic and prognostic biomarkers for HCC. So, we aimed to evaluate the clinical significance of GDF-15 and MCP-1 as possible biomarkers for early detection of Hepatocellular Carcinoma. Methods: This case - control study was conducted on participants divided into [HCC group with chronic hepatitis, HCV group and healthy controls]. GDF-15 and MCP-1 levels were measured using RT-PCR and ELISA respectively. Routine laboratory parameters were also assessed. Results: Levels of both GDF-15 and MCP-1 were significantly elevated in HCC patients compared with chronic liver disease and control groups (p < 0.001). GDF- 15 showed a higher diagnostic accuracy (AUC = 0.90, sensitivity = 84%, specificity = 92%) than AFP alone (AUC = 0.88, sensitivity = 88%, specificity = 88%) in diagnosing HCC among cases. MCP-1 demonstrated an AUC = 0.85 with 76% sensitivity and 96% specificity. Combined assessment of GDF-15 and MCP-1 further improved the diagnostic performance (AUC = 0.91, sensitivity = 88%, specificity = 92%). Significant positive correlations were observed between GDF-15 and MCP-1 (r = 0.75, p < 0.001), as well as with AFP, INR, PTT, ALT, and AST. Both markers also showed positive associations with tumor size and BCLC stage. Conclusion: GDF-15 and MCP-1 are promising blood biomarkers for the diagnosis of hepatocellular carcinoma. Their combined use with AFP may enhance early detection and provide additional information on tumor aggressiveness. | |
| 520 | 3 | _aسرطان الكبد هو الورم الخبيث الأساسي للخلايا الكبدية وهو واحد من أكثر الأورام الخبيثة شيوعًا في العالم. وحدوثه قد زاد بشكل كبير على الرغم من انخفاض معدلات معظم الأورام الأخرى. وهو الآن سبب رئيسي للوفاة في الأشخاص الذين يعانون من تليف الكبد المعوض. من المعروف أن عامل النمو الاختلافى-15 يتم توزيعه بشكل خاص في الكبد ولكن أيضًا في القلب والرئة والكلى . يتم التعبير عن هذا الأمر وتفرزه استجابةً لحدوث التعرض لموجة قصيرة ، والالتهاب ، والإجهاد التأكسدي ، ونقص الأكسجين ، وتآكل التيلومير ، وإصابات الأنسجة وتفعيل الجين الورميويبدو ان عامل النمو الاختلافى-15، قد يكون مفيدا لتحديد حدوث سرطان الكبد بمساعدة بروتين الفافيتو. ويجب تقييم النموذج بشكل أكبر كمؤشر حيوي معقول على نطاق أوسع في المرضى المعرضين لخطر. يعد جاذب الوحيدات الكيميائي البروتيني-1واحدًا من المواد الكيميائية الأساسية التي تغير الحركة والوصول إلى الخلايا أحادية الخلية والبلاعموهو مكون كيميائي فعال للوحيدات. تم إجراء الدراسة لعدد من المرضى يقدر عددهم 75 حالة أكبر من 18 عام وتم تقسيمهم الي 3 مجموعات بالتساوي كل مجموعة بها 25 شخص وهم مجموعة سرطان كبدي مع التهاب فيروسي ومجموعة التهاب فيروسي بدون سرطان كبدي ومجموعة ضابطة وتم قياس عامل النمو الاختلافى-15 وجاذب الوحيدات الكيميائي البروتيني-1 وتبين من النتائج للحالات التي تمت دراستها أن مستويات عامل النمو الاختلافى-15 وجاذب الوحيدات الكيميائي البروتيني-1 في مرضي السرطان الكبدي كانت عالية بشكل ملحوظ والتي من الممكن أن تستخدم كدلالات حيوية في تشخيص سرطان الخلايا الكبدية | |
| 530 | _aIssues also as CD. | ||
| 546 | _aText in English and abstract in Arabic & English. | ||
| 650 | 0 | _aHepatocellular Carcinoma | |
| 650 | 0 | _aسرطان الخلايا الكبدية | |
| 653 | 1 |
_aHepatocellular carcinoma _aGDF-15 _aMCP-1 _aTumors _aCCL2 _aAFP _aserum biomarkers _adiagnosis _aLFTs _aKFTs _ainflammation _aسرطان الخلايا الكبدية _aعامل النمو الاختلافى15 |
|
| 700 | 0 |
_aHadir Ahmed El-mahlawy _ethesis advisor. |
|
| 700 | 0 |
_aSherif Ismael Ma'moun _ethesis advisor. |
|
| 700 | 0 |
_aDalia Yehia Kadry _ethesis advisor. |
|
| 900 |
_b01-01-2025 _cHadir Ahmed El-mahlawy _cSherif Ismael Ma'moun _cDalia Yehia Kadry _UCairo University _FNational Cancer Institute _DDepartment of Clinical Pathology |
||
| 905 |
_aShimaa _eEman Ghareb |
||
| 942 |
_2ddc _cTH _e21 _n0 |
||
| 999 | _c179445 | ||